Deutsche Galeriewerke und Kataloge des 18. Jahrhunderts

Gespeichert in:
Bibliographische Detailangaben
Veröffentlicht in:Monatshefte für Bücherfreunde und Graphiksammler 1(1925), Seite 247-256
VerfasserIn: Stübel, Moritz (VerfasserIn)
Dokumenttyp: Online-Ressource Aufsatz
Sprache:German
Veröffentlicht: 1925
Bibliogr. Hinweis:Enthalten in: Monatshefte für Bücherfreunde und Graphiksammler
Verantwortlich:Von Moritz Stübel
LEADER 01047naa a22002778c 4500
001 1966841922
003 DE-627
005 20260320031717.0
007 cr uuu---uuuuu
008 260320s1925 xx |||||o 00| ||ger c
035 |a (DE-627)1966841922 
035 |a (DE-599)KXP1966841922 
040 |a DE-627  |b ger  |c DE-627  |e rda 
041 |a ger 
084 |a KUNST  |q DE-16  |2 fid 
100 1 |a Stübel, Moritz  |d 1871-1954  |e VerfasserIn  |0 (DE-588)117355356  |0 (DE-627)078787548  |0 (DE-576)291323146  |4 aut 
245 1 0 |a Deutsche Galeriewerke und Kataloge des 18. Jahrhunderts  |c Von Moritz Stübel 
264 1 |c 1925 
300 |b Illustrationen 
336 |a Text  |b txt  |2 rdacontent 
337 |a Computermedien  |b c  |2 rdamedia 
338 |a Online-Ressource  |b cr  |2 rdacarrier 
773 0 8 |i Enthalten in  |t Monatshefte für Bücherfreunde und Graphiksammler  |d Leipzig : Klinkhardt & Biermann, 1925  |g 1(1925), Seite 247-256  |w (DE-627)196536781X  |w (DE-600)3237661-3  |7 nnas 
773 1 8 |g volume:1  |g year:1925  |g pages:247-256 
951 |a AR 
999 |a KXP-PPN1966841922  |e 4940090922